| 000 | 00833nmc a2200265 a 4500 | ||
|---|---|---|---|
| 003 | AR-BaBNM | ||
| 005 | 20251128203638.0 | ||
| 008 | 197019s1984 ||||||||||||||000 | spa|| | ||
| 040 | _cAR-BaBNM | ||
| 100 | 1 | _aPicón Espinoza, César | |
| 245 | 1 | 0 | _aDimensiones y decisiones de la administración estatal de la educación de adultos en América Latina |
| 260 |
_aMéxico, D.F. _bCrefal _bPrede-OEA _c1984 |
||
| 300 | _a327 p. | ||
| 490 | 0 |
_aRetablo de papel _vv. 13 |
|
| 500 | _aContiene cuadros plegables | ||
| 504 | _aBibliografía al final de cada capítulo | ||
| 650 | 4 | _aEDUCACION DE ADULTOS | |
| 650 | 4 | _aADMINISTRACION ESCOLAR | |
| 650 | 4 | _aDESARROLLO DE LA EDUCACION | |
| 650 | 4 | _aORGANIZACION ADMINISTRATIVA | |
| 651 | 4 | _aAmérica Latina | |
| 653 | _aESTRATEGIAS EDUCATIVAS | ||
| 942 | _cBK | ||
| 998 | _cCarmen | ||
| 999 |
_c4307 _d4307 |
||